Free and clear : (Record no. 9483)

MARC details
000 -LEADER
fixed length control field 01385cam a22003494a 4500
001 - CONTROL NUMBER
control field 14187316
003 - CONTROL NUMBER IDENTIFIER
control field OSt
005 - DATE AND TIME OF LATEST TRANSACTION
control field 20210115121847.0
008 - FIXED-LENGTH DATA ELEMENTS--GENERAL INFORMATION
fixed length control field 051202s2006 ilua b 000 0 eng
010 ## - LIBRARY OF CONGRESS CONTROL NUMBER
LC control number 2005034714
020 ## - INTERNATIONAL STANDARD BOOK NUMBER
International Standard Book Number 0802422578
020 ## - INTERNATIONAL STANDARD BOOK NUMBER
International Standard Book Number 9780802422576
035 ## - SYSTEM CONTROL NUMBER
System control number (OCoLC)ocm62533785
040 ## - CATALOGING SOURCE
Original cataloging agency DLC
Transcribing agency DLC
Modifying agency IG#
-- BAKER
-- DLC
042 ## - AUTHENTICATION CODE
Authentication code pcc
050 00 - LIBRARY OF CONGRESS CALL NUMBER
Classification number HG179
Item number .D368 2006
082 00 - DEWEY DECIMAL CLASSIFICATION NUMBER
Classification number 261.8/5
Edition number 22
100 1# - MAIN ENTRY--PERSONAL NAME
Personal name Dayton, Howard Lape,
Dates associated with a name 1943-
245 10 - TITLE STATEMENT
Title Free and clear :
Remainder of title God's roadmap to debt-free living /
Statement of responsibility, etc. Howard Dayton.
260 ## - PUBLICATION, DISTRIBUTION, ETC.
Place of publication, distribution, etc. Chicago, IL :
Name of publisher, distributor, etc. Moody Publishers,
Date of publication, distribution, etc. c2006.
300 ## - PHYSICAL DESCRIPTION
Extent 213 p. :
Other physical details ill. ;
Dimensions 22 cm.
504 ## - BIBLIOGRAPHY, ETC. NOTE
Bibliography, etc. note Includes bibliographical references.
650 #0 - SUBJECT ADDED ENTRY--TOPICAL TERM
Topical term or geographic name entry element Finance, Personal
General subdivision Religious aspects.
650 #0 - SUBJECT ADDED ENTRY--TOPICAL TERM
Topical term or geographic name entry element Money
General subdivision Religious aspects.
650 #0 - SUBJECT ADDED ENTRY--TOPICAL TERM
Topical term or geographic name entry element Debt.
856 41 - ELECTRONIC LOCATION AND ACCESS
Materials specified Table of contents only
Uniform Resource Identifier <a href="http://www.loc.gov/catdir/toc/ecip064/2005034714.html">http://www.loc.gov/catdir/toc/ecip064/2005034714.html</a>
856 42 - ELECTRONIC LOCATION AND ACCESS
Materials specified Publisher description
Uniform Resource Identifier <a href="http://www.loc.gov/catdir/enhancements/fy0632/2005034714-d.html">http://www.loc.gov/catdir/enhancements/fy0632/2005034714-d.html</a>
856 42 - ELECTRONIC LOCATION AND ACCESS
Materials specified Contributor biographical information
Uniform Resource Identifier <a href="http://www.loc.gov/catdir/enhancements/fy1108/2005034714-b.html">http://www.loc.gov/catdir/enhancements/fy1108/2005034714-b.html</a>
906 ## - LOCAL DATA ELEMENT F, LDF (RLIN)
a 7
b cbc
c orignew
d 1
e ecip
f 20
g y-gencatlg
942 ## - ADDED ENTRY ELEMENTS (KOHA)
Source of classification or shelving scheme Dewey Decimal Classification
Koha item type Books
Holdings
Withdrawn status Lost status Source of classification or shelving scheme Damaged status Not for loan Collection code Home library Current library Shelving location Date acquired Total Checkouts Full call number Barcode Date last seen Price effective from Koha item type
    Dewey Decimal Classification     Non-fiction Harvest Mission College Harvest Mission College General Stacks 25.01.2021   261.85 D276F 010834 25.01.2021 25.01.2021 Books

OPAC Designed and Maintained by HMC Library Team.
Copyright © HMC Library,Greater Noida, UP.
For any Suggestions/Query Contact library via Email:libhmc@gmail.com